[Event "11th Arad Open 2018"]
[Site "Arad"]
[Date "2018.08.10"]
[Round "7"]
[White "Velickovic, Sasa"]
[Black "Geher, Koppany"]
[Result "1-0"]
[WhiteElo "2290"]
[BlackElo "2137"]
[Annotator "NA"]
[PlyCount "95"]
[EventDate "2018.08.05"]
[EventType "swiss"]
[EventCountry "ROU"]
[SourceTitle "playchess.com"]
[Source "ChessBase"]
[SourceQuality "1"]
[TimeControl "40/5400+30:1800+30"]

1. e4 {[%emt 0:00:00]} c5 {[%emt 0:00:00]} 2. Nf3 {[%emt 0:00:00]} e6 {[%emt 0:00:00]} 3. Qe2 {[%emt 0:00:16]} Nc6 {[%emt 0:01:00]} 4. g3 {[%emt 0:00:09]} Be7 {[%emt 0:04:52]} 5. Bg2 {[%emt 0:00:52]} d5 {[%emt 0:00:15]} 6. d3 {[%emt 0:00:11]} Nf6 {[%emt 0:00:09]} 7. O-O {[%emt 0:00:35]} b5 {[%emt 0:01:58]} 8. Re1 {[%emt 0:03:15]} O-O {[%emt 0:00:10]} 9. e5 {[%emt 0:03:28]} Nd7 {[%emt 0:00:02]} 10. h4 {[%emt 0:00:11]} Qc7 {[%emt 0:01:18]} 11. Bf4 {[%emt 0:00:11]} Bb7 {[%emt 0:01:35]} 12. Nbd2 {[%emt 0:01:34]} Rfc8 {[%emt 0:00:15]} 13. c3 {[%emt 0:02:05]} Qd8 {[%emt 0:00:07]} 14. Nf1 {[%emt 0:02:21]} a5 {[%emt 0:00:40]} 15. N1h2 {[%emt 0:03:42]} Ba6 {[%emt 0:04:02]} 16. Ng5 {[%emt 0:11:18]} h6 {[%emt 0:03:16]} 17. Ngf3 {[%emt 0:06:57]} Rab8 {[%emt 0:03:23]} 18. h5 {[%emt 0:05:41]} b4 {[%emt 0:04:02]} 19. Ng4 {[%emt 0:03:20]} bxc3 {[%emt 0:08:28]} 20. bxc3 {[%emt 0:00:07]} Bf8 {[%emt 0:00:04]} 21. Qc2 {[%emt 0:07:34]} Rb6 {[%emt 0:07:41]} 22. Rab1 {[%emt 0:11:34]} Rcb8 {[%emt 0:00:31]} 23. Bf1 {[%emt 0:00:11]} Rxb1 {[%emt 0:23:13]} 24. Rxb1 {[%emt 0:00:08]} Rxb1 {[%emt 0:00:06]} 25. Qxb1 {[%emt 0:00:05]} Qb6 {[%emt 0:00:06]} 26. Qc2 {[%emt 0:00:35]} Bb7 {[%emt 0:05:45]} 27. Be2 {[%emt 0:02:09]} Na7 {[%emt 0:15:36]} 28. d4 {[%emt 0:15:54]} cxd4 {[%emt 0:02:52]} 29. cxd4 {[%emt 0:00:07]} Nc6 {[%emt 0:02:48]} 30. Be3 {[%emt 0:00:07]} Ba6 {[%emt 0:02:20]} 31. Bxa6 {[%emt 0:03:55]} Qxa6 {[%emt 0:00:01]} 32. Qd2 {[%emt 0:04:23]} Qb5 {[%emt 0:03:26]} 33. Kg2 {[%emt 0:06:28]} Qb1 {[%emt 0:00:39]} 34. Qc3 {[%emt 0:00:45]} Qb5 {[%emt 0:04:38]} 35. Qc1 {[%emt 0:02:33]} Qc4 {[%emt 0:01:15]} 36. Bxh6 {[%emt 0:01:01]} gxh6 {[%emt 0:00:44]} 37. Nxh6+ {[%emt 0:00:07]} Kh7 {[%emt 0:00:35]} 38. Qf4 {[%emt 0:00:23]} Bxh6 {[%emt 0:00:27]} 39. Qxf7+ {[%emt 0:00:11]} Kh8 {[%emt 0:00:06]} 40. Qxd7 {[%emt 0:00:00]} Nxd4 {[%emt 0:00:00]} 41. Qe8+ {[%emt 0:01:36]} Kg7 {[%emt 0:01:32]} 42. Qg6+ {[%emt 0:00:08]} Kf8 {[%emt 0:01:40]} 43. Qxh6+ {[%emt 0:00:05]} Ke7 {[%emt 0:01:58]} 44. Qf6+ {[%emt 0:00:35]} Kd7 {[%emt 0:00:07]} 45. Qf7+ {[%emt 0:02:25]} Kd8 {[%emt 0:00:09]} 46. h6 {[%emt 0:02:06]} Nxf3 {[%emt 0:00:14]} 47. h7 {[%emt 0:02:49]} Nh4+ {[%emt 0:01:21]} 48. Kh2 {[%emt 0:00:14]} 1-0

[Event "11th Arad Open 2018"]
[Site "Arad"]
[Date "2018.08.10"]
[Round "7"]
[White "Patrascu, Catalin-Lucian"]
[Black "Creanga, Robert-Ionut"]
[Result "1-0"]
[WhiteElo "2286"]
[BlackElo "2069"]
[Annotator "NA"]
[PlyCount "57"]
[EventDate "2018.08.05"]
[EventType "swiss"]
[EventCountry "ROU"]
[SourceTitle "playchess.com"]
[Source "ChessBase"]
[SourceQuality "1"]
[TimeControl "40/5400+30:1800+30"]

1. e4 {[%emt 0:00:00]} c5 {[%emt 0:00:00]} 2. Nf3 {[%emt 0:00:07]} Nc6 {[%emt 0:00:00]} 3. Bb5 {[%emt 0:00:03]} g6 {[%emt 0:00:00]} 4. Bxc6 {[%emt 0:00:03]} dxc6 {[%emt 0:00:04]} 5. d3 {[%emt 0:00:18]} Bg7 {[%emt 0:00:15]} 6. h3 {[%emt 0:00:12]} Nf6 {[%emt 0:00:08]} 7. Nc3 {[%emt 0:00:08]} O-O {[%emt 0:00:46]} 8. Bf4 {[%emt 0:01:06]} Re8 {[%emt 0:11:38]} 9. Qd2 {[%emt 0:09:15]} e5 {[%emt 0:01:51]} 10. Bxe5 {[%emt 0:12:20]} Nxe4 {[%emt 0:00:40]} 11. Nxe4 {[%emt 0:00:20]} Bxe5 {[%emt 0:00:20]} 12. Nxe5 {[%emt 0:02:50]} Rxe5 {[%emt 0:00:16]} 13. O-O-O {[%emt 0:01:16]} b6 {[%emt 0:11:35]} 14. g4 {[%emt 0:16:23]} f5 {[%emt 0:08:56]} 15. f4 {[%emt 0:08:07]} Re8 {[%emt 0:04:44]} 16. Ng3 {[%emt 0:07:43]} Qf6 {[%emt 0:12:55]} 17. h4 {[%emt 0:01:55]} Be6 {[%emt 0:08:57]} 18. gxf5 {[%emt 0:08:54]} Bxf5 {[%emt 0:01:34]} 19. h5 {[%emt 0:02:17]} Re7 {[%emt 0:02:27]} 20. hxg6 {[%emt 0:08:51]} hxg6 {[%emt 0:02:41]} 21. Rh6 {[%emt 0:06:28]} Rf8 {[%emt 0:08:08]} 22. Rdh1 {[%emt 0:01:28]} Kf7 {[%emt 0:01:31]} 23. Qg2 {[%emt 0:04:03]} Rg8 {[%emt 0:02:47]} 24. Kb1 {[%emt 0:02:51]} Re6 {[%emt 0:07:03]} 25. a3 {[%emt 0:01:12]} Ke8 {[%emt 0:02:39]} 26. Rh7 {[%emt 0:01:04]} Kf8 {[%emt 0:09:19]} 27. Rxa7 {[%emt 0:00:58]} b5 {[%emt 0:00:46]} 28. Ra8+ {[%emt 0:02:38]} Kg7 {[%emt 0:00:16]} 29. Nh5+ {Kf8} 1-0

[Event "11th Arad Open 2018"]
[Site "Arad"]
[Date "2018.08.10"]
[Round "7"]
[White "Gilea, Lucian"]
[Black "Baciu, Anca-Otilia"]
[Result "1-0"]
[WhiteElo "2279"]
[BlackElo "2096"]
[Annotator "NA"]
[PlyCount "77"]
[EventDate "2018.08.05"]
[EventType "swiss"]
[EventCountry "ROU"]
[SourceTitle "playchess.com"]
[Source "ChessBase"]
[SourceQuality "1"]
[TimeControl "40/5400+30:1800+30"]

1. d4 {[%emt 0:00:00]} Nf6 {[%emt 0:00:00]} 2. c4 {[%emt 0:00:00]} e6 {[%emt 0:00:00]} 3. Nc3 {[%emt 0:00:50]} d5 {[%emt 0:00:16]} 4. Bg5 {[%emt 0:00:29]} Nbd7 {[%emt 0:01:08]} 5. Nf3 {[%emt 0:01:23]} Be7 {[%emt 0:00:08]} 6. e3 {[%emt 0:02:14]} O-O {[%emt 0:00:46]} 7. Bd3 {[%emt 0:00:18]} b6 {[%emt 0:01:59]} 8. cxd5 {[%emt 0:06:12]} exd5 {[%emt 0:02:17]} 9. Rc1 {[%emt 0:02:10]} Bb7 {[%emt 0:01:27]} 10. Bf4 {[%emt 0:02:49]} c5 {[%emt 0:02:52]} 11. h3 {[%emt 0:01:27]} a6 {[%emt 0:04:27]} 12. dxc5 {[%emt 0:00:49]} Bxc5 {[%emt 0:02:09]} 13. O-O {[%emt 0:00:47]} b5 {[%emt 0:06:11]} 14. Bf5 {[%emt 0:03:52]} g6 {[%emt 0:15:03]} 15. Bxd7 {[%emt 0:05:01]} Qxd7 {[%emt 0:00:08]} 16. Na4 {[%emt 0:00:21]} bxa4 {[%emt 0:07:42]} 17. Rxc5 {[%emt 0:00:09]} Rfc8 {[%emt 0:00:12]} 18. Rxc8+ {[%emt 0:01:25]} Rxc8 {[%emt 0:00:10]} 19. Nd4 {[%emt 0:00:11]} Ne4 {[%emt 0:04:53]} 20. f3 {[%emt 0:02:16]} Nc5 {[%emt 0:02:27]} 21. Bh6 {[%emt 0:04:06]} Qe7 {[%emt 0:00:52]} 22. Re1 {[%emt 0:05:12]} f6 {[%emt 0:07:56]} 23. h4 {[%emt 0:03:23]} Qd6 {[%emt 0:05:31]} 24. Bf4 {[%emt 0:07:10]} Qb6 {[%emt 0:01:14]} 25. Re2 {[%emt 0:02:30]} a5 {[%emt 0:03:56]} 26. Rc2 {[%emt 0:03:23]} Kf7 {[%emt 0:01:43]} 27. Kh2 {[%emt 0:02:20]} Ba6 {[%emt 0:05:37]} 28. Ne2 {[%emt 0:07:06]} Rd8 {[%emt 0:06:21]} 29. Qd4 {[%emt 0:01:30]} Bc4 {[%emt 0:04:33]} 30. Nc3 {[%emt 0:03:56]} Qb4 {[%emt 0:02:29]} 31. a3 {[%emt 0:05:17]} Qb3 {[%emt 0:00:16]} 32. Rd2 {[%emt 0:02:28]} Nb7 {[%emt 0:04:13]} 33. g4 {[%emt 0:02:08]} Nd6 {[%emt 0:02:18]} 34. g5 {[%emt 0:00:16]} Ne8 {[%emt 0:00:29]} 35. Qa7+ {[%emt 0:00:51]} Kg8 {[%emt 0:00:46]} 36. Ne4 {[%emt 0:06:56]} f5 {[%emt 0:00:53]} 37. Nf6+ {[%emt 0:00:15]} Nxf6 {[%emt 0:00:19]} 38. gxf6 {[%emt 0:00:06]} d4 {[%emt 0:01:16]} 39. Qg7# 1-0

[Event "11th Arad Open 2018"]
[Site "Arad"]
[Date "2018.08.10"]
[Round "7"]
[White "Terbe, Julianna"]
[Black "Mircov, Nicola-Alexandar"]
[Result "1-0"]
[WhiteElo "2234"]
[BlackElo "1891"]
[Annotator "NA"]
[PlyCount "112"]
[EventDate "2018.08.05"]
[EventType "swiss"]
[EventCountry "ROU"]
[SourceTitle "playchess.com"]
[Source "ChessBase"]
[SourceQuality "1"]
[TimeControl "40/5400+30:1800+30"]

1. Nf3 {[%emt 0:00:00]} c5 {[%emt 0:09:32]} 2. g3 {[%emt 0:00:00]} Nc6 {[%emt 0:00:31]} 3. d4 {[%emt 0:00:25]} d5 {[%emt 0:00:58]} 4. Bg2 {[%emt 0:00:12]} e6 {[%emt 0:00:14]} 5. O-O {[%emt 0:00:09]} Nf6 {[%emt 0:00:06]} 6. c4 {[%emt 0:00:12]} Be7 {[%emt 0:00:09]} 7. cxd5 {[%emt 0:00:07]} exd5 {[%emt 0:00:09]} 8. dxc5 {[%emt 0:00:05]} Bxc5 {[%emt 0:00:08]} 9. Nc3 {[%emt 0:00:05]} d4 {[%emt 0:01:20]} 10. Na4 {[%emt 0:03:35]} Be7 {[%emt 0:01:30]} 11. b3 {[%emt 0:01:35]} Bf5 {[%emt 0:06:31]} 12. Bb2 {[%emt 0:23:57]} d3 {[%emt 0:04:13]} 13. exd3 {[%emt 0:00:09]} Bxd3 {[%emt 0:02:06]} 14. Re1 {[%emt 0:00:08]} O-O {[%emt 0:00:41]} 15. Nd4 {[%emt 0:02:02]} Nxd4 {[%emt 0:03:52]} 16. Qxd3 {[%emt 0:00:23]} Nc6 {[%emt 0:00:08]} 17. Qb5 {[%emt 0:02:46]} Qc7 {[%emt 0:17:26]} 18. Rac1 {[%emt 0:03:19]} Rac8 {[%emt 0:03:24]} 19. Nc5 {[%emt 0:03:15]} Bxc5 {[%emt 0:03:28]} 20. Qxc5 {[%emt 0:00:12]} Rfe8 {[%emt 0:10:53]} 21. Bxf6 {[%emt 0:02:25]} gxf6 {[%emt 0:00:23]} 22. Qf5 {[%emt 0:02:14]} Qa5 {[%emt 0:01:30]} 23. Rxe8+ {[%emt 0:01:24]} Rxe8 {[%emt 0:00:25]} 24. Qxa5 {[%emt 0:00:09]} Nxa5 {[%emt 0:00:07]} 25. b4 {[%emt 0:00:03]} Nc6 {[%emt 0:00:48]} 26. Bxc6 {[%emt 0:00:03]} bxc6 {[%emt 0:08:14]} 27. Rxc6 {[%emt 0:00:48]} Kg7 {[%emt 0:01:21]} 28. Ra6 {[%emt 0:02:59]} Re7 {[%emt 0:00:50]} 29. a4 {[%emt 0:00:17]} Kg6 {[%emt 0:00:38]} 30. Kg2 {[%emt 0:01:00]} Rb7 {[%emt 0:02:24]} 31. b5 {[%emt 0:00:07]} Kg5 {[%emt 0:01:48]} 32. Rc6 {[%emt 0:01:45]} Rd7 {[%emt 0:00:52]} 33. h4+ {[%emt 0:01:56]} Kg6 {[%emt 0:02:28]} 34. Rc4 {[%emt 0:00:29]} Re7 {[%emt 0:03:45]} 35. Rb4 {[%emt 0:00:39]} Rd7 {[%emt 0:04:10]} 36. a5 {[%emt 0:00:24]} Kf5 {[%emt 0:01:08]} 37. b6 {[%emt 0:00:05]} axb6 {[%emt 0:00:07]} 38. axb6 {[%emt 0:00:04]} Rb7 {[%emt 0:00:05]} 39. Kf3 {[%emt 0:00:05]} Ke5 {[%emt 0:07:02]} 40. Rb2 {[%emt 0:00:00]} Kf5 {[%emt 0:00:00]} 41. Rb5+ {[%emt 0:15:23]} Ke6 {[%emt 0:15:38]} 42. Kf4 {[%emt 0:00:12]} f5 {[%emt 0:01:06]} 43. h5 {[%emt 0:00:12]} Kf6 {[%emt 0:04:46]} 44. Rxf5+ {[%emt 0:00:21]} Kg7 {[%emt 0:00:06]} 45. Rb5 {[%emt 0:00:04]} Kf6 {[%emt 0:00:07]} 46. h6 {[%emt 0:00:50]} Ke6 {[%emt 0:00:28]} 47. g4 {[%emt 0:00:11]} f6 {[%emt 0:01:25]} 48. Ke4 {[%emt 0:00:36]} Kd6 {[%emt 0:00:11]} 49. Kf5 {[%emt 0:00:06]} Ke7 {[%emt 0:00:14]} 50. f4 {[%emt 0:00:17]} Kf7 {[%emt 0:00:07]} 51. g5 {[%emt 0:00:04]} fxg5 {[%emt 0:00:18]} 52. fxg5 {[%emt 0:00:05]} Ke7 {[%emt 0:04:27]} 53. g6 {[%emt 0:00:13]} hxg6+ {[%emt 0:00:23]} 54. Kxg6 {[%emt 0:00:06]} Kd6 {[%emt 0:00:06]} 55. h7 {[%emt 0:00:06]} Kc6 {[%emt 0:00:02]} 56. Rb1 {[%emt 0:00:07]} Kd5 1-0

[Event "11th Arad Open 2018"]
[Site "Arad"]
[Date "2018.08.10"]
[Round "7"]
[White "Zubcu, Vlad-George"]
[Black "Abramovic, Bosko"]
[Result "1-0"]
[WhiteElo "2202"]
[BlackElo "2400"]
[Annotator "NA"]
[PlyCount "71"]
[EventDate "2018.08.05"]
[EventType "swiss"]
[EventCountry "ROU"]
[SourceTitle "playchess.com"]
[Source "ChessBase"]
[SourceQuality "1"]
[TimeControl "40/5400+30:1800+30"]

1. d4 {[%emt 0:00:00]} Nf6 {[%emt 0:00:00]} 2. Bg5 {[%emt 0:00:00]} e6 {[%emt 0:00:54]} 3. e4 {[%emt 0:00:00]} h6 {[%emt 0:00:10]} 4. Bxf6 {[%emt 0:00:03]} Qxf6 {[%emt 0:00:08]} 5. c3 {[%emt 0:00:05]} d6 {[%emt 0:00:27]} 6. Bd3 {[%emt 0:00:07]} g6 {[%emt 0:00:37]} 7. Ne2 {[%emt 0:00:18]} e5 {[%emt 0:00:55]} 8. O-O {[%emt 0:00:17]} Bg7 {[%emt 0:02:08]} 9. f4 {[%emt 0:01:24]} Qe7 {[%emt 0:00:24]} 10. Nd2 {[%emt 0:01:08]} Nd7 {[%emt 0:01:04]} 11. f5 {[%emt 0:00:10]} Nf6 {[%emt 0:00:24]} 12. fxg6 {[%emt 0:02:33]} fxg6 {[%emt 0:00:05]} 13. Qb3 {[%emt 0:00:04]} c6 {[%emt 0:00:47]} 14. a4 {[%emt 0:00:50]} Be6 {[%emt 0:00:43]} 15. Bc4 {[%emt 0:02:17]} Bxc4 {[%emt 0:01:07]} 16. Nxc4 {[%emt 0:00:55]} O-O-O {[%emt 0:00:50]} 17. a5 {[%emt 0:01:56]} Rhe8 {[%emt 0:05:56]} 18. a6 {[%emt 0:02:33]} b5 {[%emt 0:01:51]} 19. Na5 {[%emt 0:00:06]} Qc7 {[%emt 0:00:11]} 20. c4 {[%emt 0:02:01]} Qb6 {[%emt 0:15:02]} 21. cxb5 {[%emt 0:02:46]} exd4 {[%emt 0:00:13]} 22. Qh3+ {[%emt 0:03:08]} Kb8 {[%emt 0:02:44]} 23. Nxc6+ {[%emt 0:00:35]} Ka8 {[%emt 0:00:01]} 24. Nxd8 {[%emt 0:01:22]} Rxd8 {[%emt 0:00:30]} 25. Qd3 {[%emt 0:01:06]} Ng4 {[%emt 0:00:14]} 26. Kh1 {[%emt 0:02:33]} Be5 {[%emt 0:03:55]} 27. Nf4 {[%emt 0:01:08]} Bxf4 {[%emt 0:03:09]} 28. Rxf4 {[%emt 0:00:10]} Ne5 {[%emt 0:00:01]} 29. Qb3 {[%emt 0:00:42]} Qc5 {[%emt 0:00:04]} 30. Raf1 {[%emt 0:03:38]} d3 {[%emt 0:00:44]} 31. Rf8 {[%emt 0:00:09]} Rb8 {[%emt 0:00:06]} 32. Qg8 {[%emt 0:00:50]} Nd7 {[%emt 0:00:08]} 33. Rxb8+ {[%emt 0:00:04]} Nxb8 {[%emt 0:00:05]} 34. Qd5+ {[%emt 0:00:06]} Qxd5 {[%emt 0:00:06]} 35. exd5 {[%emt 0:00:02]} Nd7 {[%emt 0:00:01]} 36. Rf3 {[%emt 0:00:20]} 1-0

[Event "11th Arad Open 2018"]
[Site "Arad"]
[Date "2018.08.10"]
[Round "7"]
[White "Kelly, Ladislau-Endre"]
[Black "Stoleriu, George"]
[Result "1/2-1/2"]
[WhiteElo "2173"]
[BlackElo "2392"]
[Annotator "NA"]
[PlyCount "80"]
[EventDate "2018.08.05"]
[EventType "swiss"]
[EventCountry "ROU"]
[SourceTitle "playchess.com"]
[Source "ChessBase"]
[SourceQuality "1"]
[TimeControl "40/5400+30:1800+30"]

1. e4 {[%emt 0:00:00]} e6 {[%emt 0:01:35]} 2. d3 {[%emt 0:00:00]} d5 {[%emt 0:00:17]} 3. Nd2 {[%emt 0:00:00]} c5 {[%emt 0:00:31]} 4. Ngf3 {[%emt 0:00:31]} Nc6 {[%emt 0:00:04]} 5. g3 {[%emt 0:00:11]} Bd6 {[%emt 0:00:04]} 6. Bg2 {[%emt 0:00:14]} Nge7 {[%emt 0:00:03]} 7. O-O {[%emt 0:00:30]} O-O {[%emt 0:00:03]} 8. Re1 {[%emt 0:00:56]} Qc7 {[%emt 0:00:06]} 9. Nf1 {[%emt 0:14:24]} d4 {[%emt 0:09:54]} 10. c3 {[%emt 0:17:53]} e5 {[%emt 0:00:30]} 11. Nh4 {[%emt 0:07:43]} Bd7 {[%emt 0:07:45]} 12. g4 {[%emt 0:03:57]} Ng6 {[%emt 0:05:00]} 13. Nf5 {[%emt 0:02:29]} Nf4 {[%emt 0:03:07]} 14. N1g3 {[%emt 0:05:08]} g6 {[%emt 0:14:49]} 15. Nxd6 {[%emt 0:04:59]} Qxd6 {[%emt 0:02:19]} 16. Bxf4 {[%emt 0:08:10]} exf4 {[%emt 0:00:15]} 17. e5 {[%emt 0:00:12]} Qc7 {[%emt 0:23:38]} 18. Ne4 {[%emt 0:03:48]} Qxe5 {[%emt 0:03:30]} 19. g5 {[%emt 0:04:37]} Kg7 {[%emt 0:01:02]} 20. Nf6 {[%emt 0:08:26]} Qc7 {[%emt 0:10:41]} 21. Qf3 {[%emt 0:03:58]} Be6 {[%emt 0:01:23]} 22. Re4 {[%emt 0:01:00]} h6 {[%emt 0:05:38]} 23. h4 {[%emt 0:02:42]} dxc3 {[%emt 0:02:06]} 24. bxc3 {[%emt 0:01:24]} Rad8 {[%emt 0:00:23]} 25. Bf1 {[%emt 0:04:24]} Bf5 {[%emt 0:02:04]} 26. Rxf4 {[%emt 0:00:27]} Ne5 {[%emt 0:00:56]} 27. Qg3 {[%emt 0:00:22]} Nxd3 {[%emt 0:02:33]} 28. gxh6+ {[%emt 0:00:35]} Kh8 {[%emt 0:00:04]} 29. Bxd3 {[%emt 0:00:06]} Rxd3 {[%emt 0:00:06]} 30. Qg5 {[%emt 0:00:10]} Qe5 {[%emt 0:00:55]} 31. Rc1 {[%emt 0:01:41]} Rfd8 {[%emt 0:01:34]} 32. Ng4 {[%emt 0:01:26]} Rd1+ {[%emt 0:00:17]} 33. Kh2 {[%emt 0:00:29]} Qe6 {[%emt 0:00:31]} 34. Rxd1 {[%emt 0:00:32]} Rxd1 {[%emt 0:00:03]} 35. Ne3 {[%emt 0:00:22]} f6 {[%emt 0:01:23]} 36. Qg3 {[%emt 0:02:02]} Rd3 {[%emt 0:00:06]} 37. Rxf5 {[%emt 0:00:13]} Rxe3 {[%emt 0:01:36]} 38. Qxg6 {[%emt 0:02:21]} Qd6+ {[%emt 0:00:26]} 39. Kg2 {[%emt 0:00:07]} Qc6+ {[%emt 0:00:48]} 40. Kh2 {[%emt 0:00:00]} Qd6+ {[%emt 0:00:00]} 1/2-1/2

[Event "11th Arad Open 2018"]
[Site "Arad"]
[Date "2018.08.10"]
[Round "7"]
[White "Nicora, Cristi"]
[Black "Baratosi, Daniel"]
[Result "0-1"]
[WhiteElo "2158"]
[BlackElo "2371"]
[Annotator "NA"]
[PlyCount "66"]
[EventDate "2018.08.05"]
[EventType "swiss"]
[EventCountry "ROU"]
[SourceTitle "playchess.com"]
[Source "ChessBase"]
[SourceQuality "1"]
[TimeControl "40/5400+30:1800+30"]

1. e4 {[%emt 0:00:00]} c5 {[%emt 0:00:00]} 2. Nf3 {[%emt 0:00:00]} d6 {[%emt 0:00:55]} 3. d4 {[%emt 0:00:00]} cxd4 {[%emt 0:00:11]} 4. Nxd4 {[%emt 0:00:00]} Nf6 {[%emt 0:00:07]} 5. Nc3 {[%emt 0:00:00]} g6 {[%emt 0:00:23]} 6. Be3 {[%emt 0:00:02]} Bg7 {[%emt 0:00:07]} 7. f3 {[%emt 0:00:05]} a6 {[%emt 0:01:46]} 8. Qd2 {[%emt 0:00:58]} h5 {[%emt 0:00:16]} 9. Bc4 {[%emt 0:03:05]} b5 {[%emt 0:01:17]} 10. Bb3 {[%emt 0:00:22]} Nbd7 {[%emt 0:00:16]} 11. a4 {[%emt 0:03:54]} bxa4 {[%emt 0:01:04]} 12. Nxa4 {[%emt 0:00:27]} Qc7 {[%emt 0:00:26]} 13. O-O {[%emt 0:02:39]} Bb7 {[%emt 0:05:12]} 14. Kh1 {[%emt 0:04:48]} h4 {[%emt 0:04:09]} 15. Rad1 {[%emt 0:01:38]} h3 {[%emt 0:00:40]} 16. g3 {[%emt 0:00:16]} Ne5 {[%emt 0:09:16]} 17. Nb6 {[%emt 0:08:25]} Rb8 {[%emt 0:18:50]} 18. Nd5 {[%emt 0:05:27]} Nxd5 {[%emt 0:11:47]} 19. exd5 {[%emt 0:00:16]} Nc4 {[%emt 0:04:02]} 20. Bxc4 {[%emt 0:09:54]} Qxc4 {[%emt 0:00:05]} 21. Ne2 {[%emt 0:00:32]} Rc8 {[%emt 0:16:17]} 22. c3 {[%emt 0:02:41]} a5 {[%emt 0:07:11]} 23. Bd4 {[%emt 0:13:40]} Be5 {[%emt 0:08:27]} 24. Be3 {[%emt 0:12:05]} a4 {[%emt 0:00:17]} 25. Qd3 {[%emt 0:09:20]} Bxd5 {[%emt 0:02:22]} 26. Qxd5 {[%emt 0:06:52]} Qxe2 {[%emt 0:00:03]} 27. f4 {[%emt 0:00:06]} Bf6 {[%emt 0:00:43]} 28. f5 {[%emt 0:03:37]} Qxe3 {[%emt 0:03:54]} 29. fxg6 {[%emt 0:00:09]} O-O {[%emt 0:00:12]} 30. gxf7+ {[%emt 0:00:57]} Rxf7 {[%emt 0:00:33]} 31. Rd4 {[%emt 0:00:08]} Qe2 {[%emt 0:00:46]} 32. Rdf4 {[%emt 0:01:29]} Rc5 {[%emt 0:01:10]} 33. Qe4 {[%emt 0:02:24]} Qxe4+ {[%emt 0:00:32]} 0-1

[Event "11th Arad Open 2018"]
[Site "Arad"]
[Date "2018.08.10"]
[Round "7"]
[White "Mozes, Ervin"]
[Black "Tiba, Vladyslav"]
[Result "0-1"]
[WhiteElo "2143"]
[BlackElo "2356"]
[Annotator "NA"]
[PlyCount "82"]
[EventDate "2018.08.05"]
[EventType "swiss"]
[EventCountry "ROU"]
[SourceTitle "playchess.com"]
[Source "ChessBase"]
[SourceQuality "1"]
[TimeControl "40/5400+30:1800+30"]

1. e4 {[%emt 0:00:00]} c5 {[%emt 0:00:00]} 2. g3 {[%emt 0:00:00]} Nc6 {[%emt 0:00:09]} 3. Bg2 {[%emt 0:00:00]} g6 {[%emt 0:00:26]} 4. Ne2 {[%emt 0:00:00]} Bg7 {[%emt 0:01:41]} 5. c3 {[%emt 0:00:43]} e5 {[%emt 0:00:41]} 6. d3 {[%emt 0:00:02]} Nge7 {[%emt 0:00:18]} 7. Be3 {[%emt 0:00:01]} d6 {[%emt 0:00:30]} 8. O-O {[%emt 0:00:02]} b6 {[%emt 0:00:43]} 9. Qa4 {[%emt 0:11:03]} O-O {[%emt 0:11:31]} 10. d4 {[%emt 0:03:12]} exd4 {[%emt 0:18:26]} 11. cxd4 {[%emt 0:00:02]} b5 {[%emt 0:00:10]} 12. Qd1 {[%emt 0:00:36]} b4 {[%emt 0:10:04]} 13. a3 {[%emt 0:07:18]} Ba6 {[%emt 0:00:33]} 14. axb4 {[%emt 0:15:34]} Bxe2 {[%emt 0:06:53]} 15. Qxe2 {[%emt 0:00:09]} cxd4 {[%emt 0:00:31]} 16. Bd2 {[%emt 0:00:24]} Qb6 {[%emt 0:10:24]} 17. Ra6 {[%emt 0:06:18]} Qb7 {[%emt 0:02:00]} 18. b5 {[%emt 0:01:03]} Ne5 {[%emt 0:00:49]} 19. Na3 {[%emt 0:00:24]} Rfc8 {[%emt 0:07:24]} 20. Rxd6 {[%emt 0:20:40]} Rd8 {[%emt 0:00:30]} 21. Ra6 {[%emt 0:09:34]} Rac8 {[%emt 0:01:37]} 22. Ba5 {[%emt 0:06:31]} Rd7 {[%emt 0:07:01]} 23. b3 {[%emt 0:06:17]} h5 {[%emt 0:06:39]} 24. h3 {[%emt 0:00:52]} d3 {[%emt 0:01:51]} 25. Qd1 {[%emt 0:03:58]} d2 {[%emt 0:03:33]} 26. f4 {[%emt 0:00:35]} Rc1 {[%emt 0:01:06]} 27. fxe5 {[%emt 0:05:52]} Rxd1 {[%emt 0:00:02]} 28. Rxd1 {[%emt 0:00:02]} Qc8 {[%emt 0:00:51]} 29. Nc4 {[%emt 0:00:37]} Bxe5 {[%emt 0:02:21]} 30. Rxd2 {[%emt 0:01:32]} Qc5+ {[%emt 0:01:40]} 31. Kh1 {[%emt 0:01:19]} Rxd2 {[%emt 0:00:32]} 32. Bxd2 {[%emt 0:00:06]} Bxg3 {[%emt 0:01:33]} 33. b6 {[%emt 0:00:18]} axb6 {[%emt 0:00:41]} 34. Rxb6 {[%emt 0:00:10]} Qf2 {[%emt 0:01:36]} 35. Ra6 {[%emt 0:00:28]} g5 {[%emt 0:00:48]} 36. Ra1 {[%emt 0:00:14]} g4 {[%emt 0:00:56]} 37. Rf1 {[%emt 0:00:28]} Qe2 {[%emt 0:00:30]} 38. hxg4 {[%emt 0:00:43]} hxg4 {[%emt 0:00:06]} 39. Bg5 {[%emt 0:01:48]} Ng6 {[%emt 0:00:23]} 40. Ra1 {[%emt 0:00:00]} Bf2 {[%emt 0:00:00]} 41. Bf1 {[%emt 0:15:59]} Qxe4+ {[%emt 0:20:40]} 0-1

[Event "11th Arad Open 2018"]
[Site "Arad"]
[Date "2018.08.10"]
[Round "7"]
[White "Ciorica, Mihai-Vlad"]
[Black "Yordanov, Lachezar"]
[Result "0-1"]
[WhiteElo "2110"]
[BlackElo "2314"]
[Annotator "NA"]
[PlyCount "64"]
[EventDate "2018.08.05"]
[EventType "swiss"]
[EventCountry "ROU"]
[SourceTitle "playchess.com"]
[Source "ChessBase"]
[SourceQuality "1"]
[TimeControl "40/5400+30:1800+30"]

1. d4 {[%emt 0:00:00]} Nf6 {[%emt 0:00:00]} 2. c4 {[%emt 0:00:02]} e6 {[%emt 0:00:00]} 3. Nc3 {[%emt 0:00:05]} Bb4 {[%emt 0:00:00]} 4. f3 {[%emt 0:00:05]} d5 {[%emt 0:00:00]} 5. a3 {[%emt 0:00:05]} Bxc3+ {[%emt 0:00:00]} 6. bxc3 {[%emt 0:00:03]} c5 {[%emt 0:00:10]} 7. e3 {[%emt 0:00:08]} Nc6 {[%emt 0:01:58]} 8. cxd5 {[%emt 0:00:43]} Nxd5 {[%emt 0:01:00]} 9. Ne2 {[%emt 0:00:09]} O-O {[%emt 0:00:36]} 10. e4 {[%emt 0:00:11]} Nb6 {[%emt 0:00:26]} 11. dxc5 {[%emt 0:00:05]} Nd7 {[%emt 0:01:39]} 12. Be3 {[%emt 0:00:08]} Qa5 {[%emt 0:00:10]} 13. Nd4 {[%emt 0:07:47]} Nxc5 {[%emt 0:04:09]} 14. Nxc6 {[%emt 0:02:07]} bxc6 {[%emt 0:00:06]} 15. Qc2 {[%emt 0:09:52]} Rb8 {[%emt 0:00:44]} 16. Bc4 {[%emt 0:09:30]} Na4 {[%emt 0:00:51]} 17. Bb3 {[%emt 0:00:58]} Nb6 {[%emt 0:04:34]} 18. O-O {[%emt 0:00:37]} Ba6 {[%emt 0:00:10]} 19. c4 {[%emt 0:00:14]} Rb7 {[%emt 0:05:43]} 20. Rfd1 {[%emt 0:03:07]} Nd7 {[%emt 0:00:12]} 21. c5 {[%emt 0:01:26]} Rfb8 {[%emt 0:01:08]} 22. Ba2 {[%emt 0:16:42]} h6 {[%emt 0:12:27]} 23. h3 {[%emt 0:06:19]} Rb2 {[%emt 0:12:25]} 24. Qc1 {[%emt 0:00:11]} Re2 {[%emt 0:06:03]} 25. Rxd7 {[%emt 0:14:42]} Rbb2 {[%emt 0:00:06]} 26. Bc4 {[%emt 0:26:03]} Rxg2+ {[%emt 0:01:35]} 27. Kh1 {[%emt 0:00:10]} Rh2+ {[%emt 0:00:11]} 28. Kg1 {[%emt 0:00:06]} Rbg2+ {[%emt 0:00:06]} 29. Kf1 {[%emt 0:00:09]} Rc2 {[%emt 0:00:07]} 30. Bd3 {[%emt 0:02:32]} Rh1+ {[%emt 0:01:48]} 31. Bg1 {[%emt 0:00:03]} Rxg1+ {[%emt 0:00:58]} 32. Kxg1 {[%emt 0:00:12]} Qxc5+ {[%emt 0:00:05]} 0-1